000 00469nam a22001697a 4500
005 20231024143734.0
008 231024b |||||||| |||| 00| 0 eng d
020 _a0702114359
041 _aEnglish
082 _a347.1 COR
100 _aCorder H
_lEnglish
245 _aJudges at Work /
_cH Corder
260 _aCape Town :
_bJuta & Co, Ltd,
_c1984
300 _bxxxii, 252 pages ;
_c26 cm.
650 _aLegal Practice
_bLaw
942 _cBK
_6ALISON_BN_VRIES
999 _c35
_d35